• 首页
  • 本馆介绍
  • 公告通知
  • 最新文献
  • 馆藏检索
  • 电子资源
  • 读者导购
  • 参考咨询
  • 我的图书馆
  • 登录
  • 详细信息显示
  • 放入我的书架
  • 预约/预借图书
  • 作者相关作品
  • 分类相关作品
  • 丛书相关作品
  • 出版社相关作品

书目信息

  • 表格格式
  • 工作单格式
  • 卡片格式
题名:
染色化学
    
 
作者: 邱永亮 , 魏盛德 编译 ;刘泰庠校阅
分册:  
出版信息: 台北   徐氏基金会  1990
页数: 339页
开本: 20cm
丛书名:
单 册:
中图分类: TQ610.1
科图分类:
主题词: 染料 , 染料--化学工业 , 染料--中间体--化学工业
电子资源:
ISBN: 957-18-0121-6
000 00718nam0 2200229 450
001 0632128905
005 20061124090131.68
010    @a957-18-0121-6@dCNY100.00
100    @a20061124d1990 km y0chiy0120 ea
101 0  @achi
200 1  @a染色化学@Aran se hua xue@f邱永亮,魏盛德编译@Fqiu yong liang,wei sheng de bian yi@g刘泰庠校阅@Gliu tai xiang xiao yue
210    @a台北@c徐氏基金会@d1990
215    @a339页@d20cm
606 0  @a染料
606 0  @a染料@x化学工业
606 0  @a染料@x中间体@x化学工业
690    @aTQ610.1@v3
701  0 @a邱永亮@Aqiu yong liang@4编译
701  0 @a魏盛德@Awei sheng de@4编译
702  0 @a刘泰庠校阅@Aliu tai xiang xiao yue
801  0 @aCN@bPFT@c20061124
905    @a10447@dTQ610.1@e9
    
    染色化学/邱永亮,魏盛德编译/刘泰庠校阅.-台北:徐氏基金会,1990
    339页;20cm
    
    
    ISBN 957-18-0121-6:CNY100.00
    
●
相关链接 在E读中查询图书 在五车中查询图书 在当当中查询图书 在豆瓣中查询图书


正题名:染色化学     索取号:TQ610.1/9         预约/预借

序号 登录号 条形码 馆藏地/架位号 状态 备注
1 0261333   001479992   第二样本阅览室/ [索取号:TQ610.1/9] 在馆    
唐山师范学院图书馆 欢迎您!
大连网信软件有限公司© 版权所有